Kpop Demon hunter-Dévoile (paroles) - Statistiques

Statistiques générales
  • Ce quiz a été pris 282 fois
  • Le résultat moyen est 156 sur 237
Statistiques - réponses
Paroles % Correct
dévoile
94%
Dévoile
94%
T'
92%
à
90%
a
90%
l'
88%
se
87%
se
87%
te
87%
c'
84%
C'
84%
es
84%
On
84%
on
84%
est
81%
le
81%
Le
81%
J'
79%
Tu
79%
tu
79%
me
77%
ta
77%
la
75%
La
75%
ton
75%
fin
74%
tes
74%
Tes
74%
regard
73%
au
72%
mais
71%
premier
71%
sous
71%
démon
68%
du
68%
et
68%
séduisant
68%
trop
68%
Bébé
67%
tard
67%
dans
66%
même
65%
toujours
65%
bien
64%
face
64%
histoire
64%
miroir
63%
en
62%
répugnant
62%
grand
61%
plutôt
61%
il
60%
noir
60%
visage
60%
vrai
60%
fatal
59%
vas
59%
final
58%
mens
58%
Nous
58%
nous
58%
connais
57%
Derrière
56%
mort
56%
peau
56%
perdre
56%
mets
55%
lui
54%
sourire
54%
écoeurant
53%
remparts
53%
talent
53%
veines
53%
voix
53%
retourner
52%
vie
52%
les
51%
rage
51%
serons
51%
recouvre
50%
nuit
49%
masque
48%
ça
47%
faux
47%
vice
47%
mal
46%
Cette
45%
démons
45%
que
45%
C'est
44%
retire
44%
ennemi
41%
place
41%
Brisons
40%
dévoilent
40%
éradiquons
40%
mon
40%
comme
39%
mots
39%
passe
39%
prêtes
38%
retournes
38%
sonnent
37%
pour
31%
qui
31%
gars
29%
battre
27%
supplier
26%
croire
25%
ramper
23%
pleurer
21%
tout
19%
bas
18%
mérites
18%
Aucun quiz correspondant
Distribution des résultats
% des personnes avec chaque résultat
Percentile par nombre de réponses
Votre historique - résultats
Vous n’avez pas pris ce quiz